00323 2200145 4500001002100000005001500021035002000036245003200056100001300088300001200101260003000113082000800143084001400151990001200165INLIS00000000000163020250428015218 a0010-04250000461 aAku Cinta Islam /cA. Rofiq0 aA. Rofiq a125 hlm aJakarta :bIntegral Media a297 a297 A. a a0754703